000 01118cam a22003014a 4500
005 20260322212005.0
008 data
010 _a 2006008637
020 _a1565795644
020 _a9781565795648
040 _aDLC
_cDLC
_dDLC
_dBAKER
_dBTCTA
_dDLC
042 _apcc
043 _an-us-co
050 0 0 _aF784.D443
_bS58 2006
082 0 0 _a978.8/8300222
_222
092 _a978.8 S58 2006
100 1 _aShumaker, Jackie.
245 1 0 _aDenver's favorite places /
_cJackie Shumaker.
260 _aEnglewood, CO :
_bWestcliffe Publishers,
_cc2006.
300 _a1 v. (unpaged) :
_bcol. ill. ;
_c19 cm.
440 0 _aColorado littlebooks
651 0 _aDenver (Colo.)
_vPictorial works.
651 0 _aDenver (Colo.)
_vGuidebooks.
906 _a7
_bcbc
_corignew
_d1
_eecip
_f20
_gy-gencatlg
925 0 _aacquire
_b2 shelf copies
_xpolicy default
955 _djf04 2006-03-15
_ejf04 2006-03-15 to Dewey
_fld11 2008-03-20 Z-CipVer
_gld11 2008-03-20 to BCCD
_txg22 2010-04-29 copy 2 added
001 data
999 _c78
_d78